Diccionario del siglo XXI (Record no. 207067)

MARC details
000 -CABECERA
campo de control de longitud fija 00947nam a2200289 u 4500
005 - FECHA Y HORA DE LA ÚLTIMA TRANSACCIÓN
campo de control 20230509112413.0
008 - ELEMENTOS DE LONGITUD FIJA--INFORMACIÓN GENERAL
campo de control de longitud fija 200120s1999 sp r 000 0 spa d
020 ## - NÚMERO INTERNACIONAL NORMALIZADO PARA LIBROS
Número Internacional Estándar del Libro 8449306124
035 ## - NÚMERO DE CONTROL DEL SISTEMA
Número de control de sistema UPN01000234972
040 ## - FUENTE DE LA CATALOGACIÓN
Centro catalogador/agencia de origen MX-MxUPN
Lengua de catalogación spa
Centro/agencia transcriptor MX-MxUPN
041 1# - CÓDIGO DE IDIOMA
Código de lengua del texto/banda sonora o título independiente spa
Código de lengua original fre
050 #4 - SIGNATURA TOPOGRÁFICA DE LA BIBLIOTECA DEL CONGRESO
Número de clasificación D860
Número de documento/Ítem A88 1999
100 1# - ASIENTO PRINCIPAL--NOMBRE PERSONAL
Nombre de persona Attali, Jacques
9 (RLIN) 43713
240 10 - TÍTULO UNIFORME
Título uniforme Dictionaire du XXIe siecle.
Lenguaje de la obra Español
245 10 - MENCIÓN DE TÍTULO
Título Diccionario del siglo XXI
260 ## - PUBLICACIÓN, DISTRIBUCIÓN, ETC.
Lugar de publicación, distribución, etc. Barcelona, España :
Nombre del editor, distribuidor, etc. Ediciones Paidós Ibérica,
Fecha de publicación, distribución, etc. 1999.
300 ## - DESCRIPCIÓN FÍSICA
Extensión 358 páginas
490 ## - MENCIÓN DE SERIE
Mención de serie Paidós transiciones ;
Designación de volumen o secuencia 15
650 #0 - ASIENTO SECUNDARIO DE MATERIA - TERMINO TEMATICO
9 (RLIN) 47683
Término de materia o nombre geográfico como elemento de entrada Política mundial
Subdivisión cronológica 1989-
Subdivisión de forma Diccionarios
650 #4 - ASIENTO SECUNDARIO DE MATERIA - TERMINO TEMATICO
9 (RLIN) 47544
Término de materia o nombre geográfico como elemento de entrada Política mundial
Subdivisión cronológica Siglo XXI
Subdivisión general Pronósticos
650 #0 - ASIENTO SECUNDARIO DE MATERIA - TERMINO TEMATICO
9 (RLIN) 47684
Término de materia o nombre geográfico como elemento de entrada Siglo XXI
Subdivisión general Pronósticos
Subdivisión de forma Diccionarios
700 1# - ASIENTO SECUNDARIO--NOMBRE DE PERSONAL
Nombre de persona González G., Godofredo
Forma completa/desarrollada del nombre (González González)
9 (RLIN) 47685
902 ## - ELEMENTOS DE DATOS B LOCAL, LDB (RLIN)
Creó NoemiAcosta/260123
942 ## - ELEMENTOS DE PUNTO DE ACCESO ADICIONAL (KOHA)
Suprimir en OPAC No
Tipo de ítem Koha Libro
Fuente del sistema de clasificación o colocación Library of Congress Classification
Holdings
Estado de retiro Estado de pérdida Fuente del sistema de clasificación o colocación Estado dañado No para préstamo Código de colección Localización permanente Ubicación/localización actual Ubicación en estantería Fecha de adquisición Clasificación Código de barras Fecha visto por última vez Tipo de ítem Koha Nota pública
    Library of Congress Classification   Disponible (Préstamo en sala) Consulta Bib. Gregorio Torres Quintero Bib. Gregorio Torres Quintero Sala de lectura Sótano 26/01/2023 D860 A88 1999 333566 31/12/2020 Libro Ejemplar firmado